[Event "Acropolis GM Open"]
[Site "Athens GRE"]
[Date "2005.03.07"]
[Round "2"]
[White "Sokolov,And1"]
[Black "Karayannis,A"]
[Result "1/2-1/2"]
[WhiteElo "2582"]
[BlackElo "2388"]

1.e4 c5 2.Nf3 Nc6 3.Nc3 e5 4.Bc4 d6 5.d3 Be7 6.h3 Nf6 7.a3 O-O 8.O-O Nd4
9.Nxd4 cxd4 10.Ne2 Be6 11.Bxe6 fxe6 12.c3 dxc3 13.Nxc3 Kh8 14.Qe2 Qe8 15.Be3 a6
16.Rac1 Rc8 17.Nb1 Qb5 18.Rxc8 Rxc8 19.Nc3 Qb3 20.f4 exf4 21.Bxf4 Rf8 22.Be3 d5
23.Bd4 dxe4 24.dxe4 Kg8 25.Rf3 Ne8 26.Nd5 Rxf3 27.Nxe7+ Kf7 28.Qxf3+ Qxf3
29.gxf3 Kxe7 30.Kf2 Kd6 31.f4 Kc6 32.Ke3 g6 33.Bc3 Nd6 34.Kd4 Nf7 35.Bb4 b6
36.Be7 Kd7 37.Bf6 Kd6 38.a4 Kc6 39.Bh4 Kd6 40.Bf2 Nd8 41.Bh4 Nf7 42.Bf6 h5
43.Bg7 Kc6 44.h4 Kd6 45.Ke3 Kc6 46.Bf8 Nd8 47.Bg7 Nf7 48.Kd4 Kd6 49.b3 Kc6
50.Bf8 Kd7 51.Ke3 Kc6 52.Kd3 Kc7 53.b4 Kc6 54.Kd4 Kd7 55.b5 axb5 56.axb5 Ke8
57.Bg7 Kd7 58.Be5 Nh6 59.Kd3 Nf7 60.Kd4 Nh6 61.Bg7 Nf7 62.Bf8 Ke8 63.Ba3 Kd7
64.Bb4 Nh6 65.Be1 Nf7 66.Bf2 Nd6 67.Ke5 Ke7 68.f5 gxf5 69.exf5 Nxf5 70.Bxb6 Nxh4
71.Kf4 Nf5 72.Bf2 Kd6 73.Kg5 h4 74.Bxh4 Nxh4 75.Kxh4 Kc5 76.Kg5  1/2-1/2

[Event "Acropolis GM Open"]
[Site "Athens GRE"]
[Date "2005.03.08"]
[Round "3"]
[White "Papargyriou,A"]
[Black "Zahilas,L"]
[Result "1/2-1/2"]
[WhiteElo "2139"]
[BlackElo "2211"]

1.e4 c5 2.Nc3 Nc6 3.Bb5 Nd4 4.Bc4 e6 5.Nf3 Nxf3+ 6.Qxf3 d6 7.O-O Nf6 8.d3 Be7
9.Qe2 O-O 10.f4 d5 11.exd5 exd5 12.Nxd5 Nxd5 13.Bxd5 Qxd5 14.Qxe7 Be6 15.Qh4 Rfe8
16.Qf2 Bd7 17.Bd2 Bc6 18.Bc3 f6 19.Rae1 b6 20.a3 Rad8 21.Qg3 Kf7 22.Qf2 Kg8  1/2-1/2

[Event "Acropolis GM Open"]
[Site "Athens GRE"]
[Date "2005.03.08"]
[Round "3"]
[White "Tziallilas,K"]
[Black "Soultatis,K"]
[Result "1-0"]
[WhiteElo "2119"]
[BlackElo "2166"]

1.e4 c5 2.Nc3 Nc6 3.Bb5 g6 4.Bxc6 dxc6 5.f4 Bg7 6.Nf3 Nh6 7.O-O O-O 8.d3 Qc7
9.Qe1 f6 10.Qh4 Nf7 11.Kh1 Bd7 12.Bd2 Rae8 13.Ne2 c4 14.d4 Nd6 15.Ng3 f5
16.e5 Nf7 17.Rae1 Be6 18.Ng5 Nxg5 19.Qxg5 Kf7 20.Ne2 Rd8 21.Rf3 c5 22.Be3 Qb6
23.dxc5 Qxb2 24.c3 Rd3 25.Qh4 Rfd8 26.Bd4 Rxf3 27.gxf3 Qd2 28.a4 Kg8 29.Kg2 Rd7
30.Kf2 Bd5 31.Rg1 Qd3 32.Rg3 e6 33.Rh3 h6 34.Qg3 Kf7 35.Qg2 g5 36.fxg5 hxg5
37.Qxg5 Kg8 38.Qh5 Rd8 39.Qg5 Rd7 40.Qh5 Re7 41.c6 Bxc6 42.Bc5 Qd8 43.Qh7+ Kf7
44.Rg3 Qh8 45.Qg6+  1-0

[Event "ch-BLR"]
[Site "Minsk BLR"]
[Date "2005.03.08"]
[Round "5"]
[White "Fedorov,Alex"]
[Black "Zhigalko,S"]
[Result "1/2-1/2"]
[WhiteElo "2603"]
[BlackElo "2474"]

1.e4 c5 2.Nc3 Nc6 3.Nf3 e5 4.Bc4 d6 5.d3 Be7 6.O-O Nf6 7.Ng5 O-O 8.f4 Bg4
9.Qe1 exf4 10.Bxf4 Nd4 11.Qd2 a6 12.h3 Bh5 13.g4 Bg6 14.Nd5 b5 15.Nxf6+ gxf6
16.Nxh7 bxc4 17.Nxf8 Bxf8 18.c3 Ne6  1/2-1/2

[Event "NWAPA Rector Cup"]
[Site "St Petersburg RUS"]
[Date "2005.03.08"]
[Round "7"]
[White "Bodnaruk,A"]
[Black "Papenin,N"]
[Result "0-1"]
[WhiteElo "2138"]
[BlackElo "2350"]

1.e4 c5 2.Nc3 Nc6 3.Nge2 Nf6 4.d4 cxd4 5.Nxd4 d6 6.g3 g6 7.Bg2 Nxd4 8.Qxd4 Bg7
9.O-O O-O 10.h3 Be6 11.Qd1 Bc4 12.Re1 Qc7 13.Be3 Rac8 14.Rc1 Nd7 15.Bd4 Qa5
16.Bxg7 Kxg7 17.Qd4+ Kg8 18.f4 Be6 19.g4 Qb6 20.Qxb6 Nxb6 21.f5 Bc4 22.b3 Bf1
23.Nd5 Nxd5 24.exd5 Bxg2 25.Kxg2 Rc7 26.c4 gxf5 27.gxf5 Kg7 28.Kf3 Kf6 29.Kf4 Rg8
30.Rg1 Rxg1 31.Rxg1 b5 32.Rc1 Rc5 33.Ke4 h5 34.Rc2 h4 35.Rc3 bxc4 36.bxc4 Ra5
37.a3 Kg5 38.Rf3 Ra4 39.Rc3 a6 40.Kd4 Kxf5 41.Rf3+ Kg6 42.Re3 Kf6 43.Rf3+ Kg7
44.Re3 Kf8 45.Rf3 Ke8 46.Re3 f6 47.Rf3 Kf7 48.Re3 Ra5 49.Rb3 f5 50.Re3 Rc5
51.Re6 Ra5 52.Re3 Ra4 53.Rf3 Kf6 54.Re3 Ra5 55.Re6+ Kf7 56.Re3 e5+ 57.dxe6+ Ke7
58.Rf3 Kxe6 59.Rb3 Re5 60.Rb8 f4 61.Rf8 Rf5 62.Re8+ Kd7 63.Re2 f3 64.Rf2 Kc6
65.Ke4 Rf8 66.Kd4 Rf7 67.a4 a5 68.Ke4 Kc5 69.Kd3 Kb4 70.Rb2+ Ka3 71.Rf2 Kb3
72.Rf1 f2 73.Rb1+ Kxa4 74.Rf1 Kb3 75.Rb1+ Ka2 76.Rf1 Kb2 77.Kd4 a4  0-1

[Event "Acropolis Women's GM Open"]
[Site "Athens GRE"]
[Date "2005.03.09"]
[Round "4"]
[White "Petraki,M"]
[Black "Sorokina,A AUS"]
[Result "1-0"]
[WhiteElo "2128"]
[BlackElo "2223"]

1.e4 c5 2.Nc3 Nc6 3.Bb5 a6 4.Bxc6 bxc6 5.d3 e5 6.f4 d6 7.Nf3 Bg4 8.O-O Nf6
9.h3 Bxf3 10.Qxf3 Be7 11.fxe5 dxe5 12.Be3 O-O 13.b3 Kh8 14.Ne2 Ng8 15.Qh5 f6
16.Ng3 g6 17.Qe2 Rf7 18.Qd2 Qf8 19.Rae1 Bd6 20.Qc3 Qe7 21.Rf3 h5 22.Ref1 h4
23.Ne2 Rh7 24.Qc4 a5 25.Nc3 Rb8 26.Na4 Rb5 27.Nb2 Rg7 28.Qc3 Qc7 29.Nc4 Be7
30.Bf2 g5 31.Be1 Qa7 32.a4 Rb4 33.Qd2 Bd8 34.Qe3 Rb8 35.Bf2 Be7 36.Qd2 Ra8
37.Kh1 Qc7 38.Be3 Nh6 39.Qf2 Qa7 40.Rxf6 Bxf6 41.Qxf6 Ng8 42.Qxe5 Qe7 43.Qxe7 Nxe7
44.Bxc5 Kg8 45.Bxe7 Rxe7 46.Rf5 Rg7 47.Kg1 g4 48.hxg4 Rxg4 49.Kf2  1-0

[Event "Acropolis GM Open"]
[Site "Athens GRE"]
[Date "2005.03.09"]
[Round "4"]
[White "Shavtvaladze,N"]
[Black "Klokas,K"]
[Result "0-1"]
[WhiteElo "2407"]
[BlackElo "2216"]

1.e4 c5 2.Nc3 Nc6 3.Bb5 Nd4 4.Bc4 e6 5.Nf3 Nf6 6.O-O a6 7.a4 d5 8.Bd3 Nxf3+
9.Qxf3 d4 10.Ne2 e5 11.Bc4 Bg4 12.Qg3 Bd6 13.f3 Bh5 14.d3 O-O 15.Bg5 Bg6
16.a5 Nh5 17.Bxd8 Nxg3 18.hxg3 Raxd8 19.Bd5 Rd7 20.Nc1 Rb8 21.Nb3 Kf8 22.Nd2 Ke7
23.Nc4 Bc7 24.Rfb1 Bd6 25.Ra3 f6 26.Rb3 Bf7 27.Bxf7 Kxf7 28.g4 g6 29.Kf2 h5
30.gxh5 gxh5 31.Rh1 Kg6 32.Nb6 Rf7 33.Nd5 Bc7 34.Ra1 Kg5 35.Ra4 f5 36.Rc4 Bd6
37.Rb6 Rd7 38.Rb3 Rg8 39.Rb6 Rg6 40.Rb3 Rdg7 41.g3 f4 42.Rb6 fxg3+ 43.Kxg3 h4+
44.Kh2 Kh5 45.Rxd6 Rxd6 46.Rxc5 Rc6 47.Nf4+ Kh6 48.Rxe5 Rxc2+ 49.Kh3 Rg1
50.Kxh4 Rh2+ 51.Nh3 Rgh1 52.Rh5+ Kg6 53.Rg5+ Kf6 54.Rg3 Rxb2 55.f4 Rb5 56.e5+ Ke7
57.Kg4 Rxa5 58.Kf5 Rb5 59.Ke4 a5 60.Kxd4 a4 61.f5 Re1 62.f6+ Kf8 63.Nf4 Rb4+  0-1

[Event "Acropolis GM Open"]
[Site "Athens GRE"]
[Date "2005.03.10"]
[Round "5"]
[White "Papargyriou,A"]
[Black "Dorfanis,I"]
[Result "0-1"]
[WhiteElo "2139"]
[BlackElo "2195"]

1.e4 c5 2.Nc3 Nc6 3.Bb5 Nd4 4.Bc4 e6 5.Nf3 Ne7 6.O-O Nec6 7.d3 a6 8.Nxd4 Nxd4
9.a4 Rb8 10.f4 Be7 11.Be3 O-O 12.Ne2 b5 13.axb5 axb5 14.Ba2 Nxe2+ 15.Qxe2 d5
16.d4 dxe4 17.dxc5 b4 18.Qc4 Bb7 19.Rfd1 Qc7 20.Qxb4 Bd5 21.Qc3 Bf6 22.Bd4 Bxd4+
23.Qxd4 Bxa2 24.b3 Rfd8 25.Qe3 Rxd1+ 26.Rxd1 g6 27.g3 e5 28.f5 gxf5 29.Qg5+ Kf8
30.Qh6+ Ke8 31.c6 Rd8 32.Rxd8+ Qxd8 33.Kg2 f4 34.g4 f3+ 35.Kg3 Qd4 36.Kh3 f2
37.Qf6 f1=Q+ 38.Qxf1 Qc3+ 39.Kh4 Qxc6 40.Qf2 Qh6+ 41.Kg3 Qf4+  0-1

[Event "Acropolis Women's GM Open"]
[Site "Athens GRE"]
[Date "2005.03.10"]
[Round "5"]
[White "Sorokina,A AUS"]
[Black "Stefanidi,M2"]
[Result "1-0"]
[WhiteElo "2223"]
[BlackElo "1755"]

1.e4 c5 2.Nf3 Nc6 3.Nc3 g6 4.d4 cxd4 5.Nxd4 Bg7 6.Be3 Nf6 7.h3 O-O 8.Nb3 d6
9.Qd2 Bd7 10.Be2 a6 11.f4 b5 12.a3 Rb8 13.O-O a5 14.Bf3 Qc7 15.Nd5 Nxd5 16.exd5 Nd8
17.c3 Nb7 18.Qf2 Ra8 19.Bb6 Qc4 20.Nd2 Qc8 21.Ne4 Bh6 22.Qh4 Bg7 23.Qxe7 Re8
24.Nf6+ Bxf6 25.Qxf6 Nc5 26.b4 Nb3 27.Rab1 Qb8 28.Bf2 a4 29.Rxb3 axb3 30.Bd4 Kf8
31.Qg7+  1-0

[Event "Sozina Open"]
[Site "Bar SCG"]
[Date "2005.03.10"]
[Round "7"]
[White "Predojevic,B"]
[Black "Marcetic,N"]
[Result "1-0"]
[WhiteElo "2546"]
[BlackElo "2414"]

1.e4 c5 2.Nc3 Nc6 3.Bb5 Nd4 4.Bc4 a6 5.Bb3 d6 6.Nge2 Nxb3 7.axb3 Nf6 8.d4 cxd4
9.Qxd4 Bd7 10.Bg5 e6 11.O-O-O Bc6 12.e5 dxe5 13.Qxe5 Nd7 14.Qg3 Qa5 15.Kb1 f6
16.Be3 e5 17.Rd2 O-O-O 18.Rhd1 g6 19.Nd5 Bc5 20.Bxc5 Qxc5 21.b4 Qf8 22.Nb6+ Kc7
23.Nd4 Kxb6 24.Nxc6 Kxc6 25.Qc3+ Kb6 26.Rxd7 Rxd7 27.Rxd7 Ka7 28.b5 Qc8 29.b6+ Kxb6
30.Qe3+ Kc6 31.Rf7  1-0

[Event "ch-BLR"]
[Site "Minsk BLR"]
[Date "2005.03.10"]
[Round "7"]
[White "Fedorov,Alex"]
[Black "Kupreichik,V"]
[Result "1-0"]
[WhiteElo "2603"]
[BlackElo "2437"]

1.e4 c5 2.Nf3 Nc6 3.Nc3 g6 4.d4 cxd4 5.Nxd4 Bg7 6.Be3 Nf6 7.Bc4 O-O 8.Bb3 d6
9.h3 Bd7 10.O-O Nxd4 11.Bxd4 Bc6 12.Qd3 a5 13.a4 Nd7 14.Bxg7 Kxg7 15.Qd4+ Kg8
16.Rfe1 Qb6 17.Qxb6 Nxb6 18.Rad1 Rfe8 19.f4 Kg7 20.Kf2 Nd7 21.Bd5 f6 22.b3 Rac8
23.Be6 Rc7 24.Rd2 Nc5 25.Bc4 Rec8 26.Ree2 Rf8 27.Nd5 Bxd5 28.Bxd5 Rd8 29.Ke3 e6
30.Bc4 f5 31.exf5 gxf5 32.g4 Ne4 33.Rd4 Kf6 34.Kf3 d5 35.gxf5 Rg8 36.Rdxe4 dxe4+
37.Rxe4 exf5 38.Re6+ Kg7 39.Re5 Rgc8 40.Rxa5 Rxc4 41.bxc4 Rxc4 42.Rxf5 Rxa4
43.Rc5 Kg6 44.h4 b6 45.h5+ Kf6 46.Rb5 Rc4 47.Rxb6+ Kf5 48.Rb5+ Kf6 49.Rb2 Kf5
50.Ke3 Kg4 51.Kd3 Rc5 52.c4 Rxh5 53.Ke4 Rc5 54.Rg2+ Kh3 55.Rc2 Kg4 56.Kd4 Rf5
57.c5 Rxf4+ 58.Ke5 Rf7 59.c6 h5 60.c7 Re7+ 61.Kd4  1-0

[Event "ch-RUS u20"]
[Site "Nojabrsk RUS"]
[Date "2005.03.10"]
[Round "9"]
[White "Popov,I RUS"]
[Black "Timofeev,Arty"]
[Result "0-1"]
[WhiteElo "2476"]
[BlackElo "2619"]

1.e4 c5 2.Nf3 Nc6 3.Nc3 d6 4.d4 cxd4 5.Nxd4 Nf6 6.Be2 e5 7.Nb3 Be7 8.O-O O-O
9.f4 a5 10.a4 Nb4 11.f5 h6 12.Bc4 Qc7 13.Bd5 Nbxd5 14.exd5 Qc4 15.Be3 Ng4
16.Nd2 Qb4 17.Qe2 Nxe3 18.Qxe3 Bg5 19.Qd3 g6 20.f6 Qd4+ 21.Qxd4 exd4 22.Nce4 Be3+
23.Kh1 Bf5 24.g4 Bxg4 25.Nc4 Be2 26.Ncxd6 Rfd8 27.Kg2 Bxf1+ 28.Rxf1 Rd7 29.c4 dxc3
30.bxc3 Bc5 31.Nxc5 Rxd6 32.c4 Rb6 33.Rd1 Rd8 34.Rd4 g5 35.h4 gxh4 36.Ne4 Rb4
37.d6 Rxa4 38.Nc5 Rb4 39.d7 a4 40.Rd3 a3 41.Re3 a2 42.Re8+ Kh7 43.Rxd8 a1=Q
44.Rh8+ Kg6 45.d8=Q Rb2+  0-1

[Event "NWAPA Rector Cup"]
[Site "St Petersburg RUS"]
[Date "2005.03.10"]
[Round "11"]
[White "Bodnaruk,A"]
[Black "Lintchevski,D"]
[Result "0-1"]
[WhiteElo "2138"]
[BlackElo "2263"]

1.e4 c5 2.Nc3 Nc6 3.Nge2 Nf6 4.d4 cxd4 5.Nxd4 e5 6.Nde2 Bb4 7.a3 Ba5 8.Bg5 h6
9.Bxf6 Qxf6 10.Qd2 d6 11.Ng3 Be6 12.Bd3 h5 13.Nf1 O-O 14.Ne3 Ne7 15.Be2 Qg6
16.Qxd6 Nc6 17.Qd2 Nd4 18.Bd3 Rfd8 19.b4 Bb6 20.Ncd5 Bxd5 21.exd5 e4 22.Bc4 Rac8
23.Kf1 f5 24.g3 Nf3 25.Qe2 Bxe3 26.fxe3 Rxc4 27.d6 Rc3  0-1

[Event "Acropolis GM Open"]
[Site "Athens GRE"]
[Date "2005.03.12"]
[Round "7"]
[White "Solak,D"]
[Black "Hamdouchi,H"]
[Result "0-1"]
[WhiteElo "2596"]
[BlackElo "2555"]

1.e4 c5 2.Nc3 Nc6 3.Nge2 g6 4.d4 cxd4 5.Nxd4 Bg7 6.Be3 Nf6 7.Bc4 O-O 8.Bb3 d6
9.f3 Bd7 10.Qd2 Nxd4 11.Bxd4 b5 12.h4 a5 13.h5 e5 14.Be3 a4 15.Bd5 b4 16.hxg6 bxc3
17.Bxf7+ Rxf7 18.gxf7+ Kxf7 19.Qxc3 Be6 20.O-O-O Rc8 21.Qb4 d5 22.Bh6 Qc7
23.Qxa4 dxe4 24.fxe4 Bxh6+ 25.Rxh6 Kg7 26.Rdh1 Bxa2 27.R6h3 Bc4 28.Qa3 Kh8
29.Qf3 Qe7 30.Rh6 Rf8 31.g4 Bg8 32.g5 Nxe4 33.Qxe4 Qxg5+ 34.Kd1 Rd8+ 35.Ke2 Qd2+
36.Kf3 Rf8+ 37.Kg3 Qf2+ 38.Kh3 Rf3+ 39.Kg4 Qg2+ 40.Kh4 Qxh1+ 41.Kg4 Qg2+
42.Kh4 Rh3+  0-1

[Event "Acropolis GM Open"]
[Site "Athens GRE"]
[Date "2005.03.12"]
[Round "7"]
[White "Izoria,Z"]
[Black "Avrukh,B"]
[Result "1/2-1/2"]
[WhiteElo "2607"]
[BlackElo "2629"]

1.e4 c5 2.Nf3 Nc6 3.Nc3 d6 4.d4 cxd4 5.Nxd4 Nf6 6.Bg5 e6 7.Qd2 a6 8.O-O-O Bd7
9.f4 h6 10.Bh4 Nxe4 11.Qe1 Nf6 12.Nf5 Qa5 13.Nxd6+ Bxd6 14.Rxd6 Qc7 15.Rd2 O-O-O
16.Bxf6 gxf6 17.Ne4 Nb4 18.a3 Nd5 19.Bc4 Bc6 20.Bxd5 Rxd5  1/2-1/2

[Event "Acropolis Women's GM Open"]
[Site "Athens GRE"]
[Date "2005.03.13"]
[Round "8"]
[White "Krivec,J"]
[Black "Sorokina,A AUS"]
[Result "1/2-1/2"]
[WhiteElo "2284"]
[BlackElo "2223"]

1.e4 c5 2.Nc3 Nc6 3.Bb5 Nd4 4.Bc4 e6 5.Nf3 a6 6.a4 b6 7.O-O g6 8.d3 Bg7 9.Bf4 d6
10.Nxd4 cxd4 11.Ne2 Ne7 12.Qd2 h6 13.Qb4 d5 14.exd5 exd5 15.Bb3 Nc6 16.Qd6 Qxd6
17.Bxd6 Be6 18.Nf4 O-O-O 19.Ba3 g5 20.Nxe6 fxe6 21.f4 gxf4 22.Rxf4 Be5 23.Rf7 Bd6
24.Bxd6 Rxd6 25.Raf1 Ne5 26.Re7 Rg8 27.Rf6 Ng4 28.Rfxe6 Rxe6 29.Rxe6 Ne3
30.Kh1 Rf8 31.h4 Kc7 32.c3 Rf1+ 33.Kh2 Rf2 34.cxd4 Rxg2+ 35.Kh3 Rxb2 36.Rxe3 Rxb3
37.Kg4 Rb4 38.Kf5 Rxd4 39.h5 Rxa4 40.Kg6 Rg4+ 41.Kxh6 Kd6 42.Re8 a5 43.Kh7 a4
44.h6 Kc5 45.Rg8 Rh4 46.Kg7 b5 47.h7 a3 48.h8=Q Rxh8 49.Rxh8 b4 50.Ra8 Kd4
51.Kf6 Kxd3 52.Ke5 Kc4 53.Rc8+ Kb3 54.Kxd5 a2 55.Ra8 Kb2 56.Kc4 a1=Q  1/2-1/2

[Event "Open"]
[Site "Blackpool ENG"]
[Date "2005.03.13"]
[Round "4"]
[White "Britton,R"]
[Black "Hayes,S"]
[Result "0-1"]
[WhiteElo "2309"]
[BlackElo "2048"]

1.e4 c5 2.Nf3 Nc6 3.Nc3 Nf6 4.d4 cxd4 5.Nxd4 e6 6.Ndb5 d6 7.Bf4 e5 8.Bg5 a6
9.Na3 b5 10.Bxf6 gxf6 11.Nd5 f5 12.Bd3 f4 13.O-O h5 14.Kh1 Nd4 15.c3 Ne6
16.c4 bxc4 17.Bxc4 h4 18.Rc1 h3 19.g3 Bh6 20.Rc3 Nc5 21.Re1 f5 22.exf5 fxg3
23.hxg3 h2 24.b4 Nd7 25.Qh5+ Kf8 26.Qg6 Bb7 27.Qxd6+ Kg8 28.Re4 Rh7 29.Ne3+ Kh8
30.Bd5 Bxe3 31.Rcxe3 Bxd5 32.Qxd5 Nf6 33.Qxe5 Qd1+  0-1

[Event "Tch-FIN 2004-5"]
[Site "Finland FIN"]
[Date "2005.03.13"]
[Round "9"]
[White "Salmensuu,O"]
[Black "Maki,V"]
[Result "1/2-1/2"]
[WhiteElo "2391"]
[BlackElo "2388"]

1.e4 c5 2.Nc3 Nc6 3.Bb5 g6 4.Bxc6 bxc6 5.f4 Bg7 6.Nf3 d6 7.d3 Qb6 8.Qd2 c4
9.dxc4 Qb4 10.Qd3 Ba6 11.Nd2 Bxc3 12.Qxc3 Qxc3 13.bxc3 c5 14.Rb1 Nf6 15.Rb3 O-O
16.O-O Nd7 17.Ra3 Bb7 18.Ra5 f6 19.Re1 Rfb8 20.Kf2 Bc6 21.Ba3 e5 22.g3 Nb6
23.Ke3 Bd7 24.fxe5 fxe5 25.Rf1 Kg7 26.Kd3 Be6 27.Rb1 Rb7 28.Rf1 Rf8 29.Rxf8 Kxf8
30.Bc1 Rf7 31.a4 Ke8 32.Ba3 Kd8 33.h4 h5 34.Ra6 Kc8 35.Ra5 Kb7 36.Rb5 a6
37.Rb1 a5 38.Rb5 Rf2 39.Ke3 Rg2 40.Nb3 Rxg3+ 41.Kf2 Rxc3 42.Nxc5+ Kc6 43.Nxe6 Nxc4
44.Bxd6 Kxd6 45.Nf8 Rxc2+ 46.Kf3 Rc3+ 47.Kf2 Ra3 48.Rd5+ Ke7 49.Nxg6+ Kf6
50.Nf8  1/2-1/2

[Event "TCh-SWE Elitserien 2004-5"]
[Site "Malmo SWE"]
[Date "2005.03.13"]
[Round "11"]
[White "Thornert,H"]
[Black "Johansson,CF"]
[Result "1-0"]
[WhiteElo "2205"]
[BlackElo "2225"]

1.e4 c5 2.Nc3 Nc6 3.Nf3 g6 4.d4 cxd4 5.Nxd4 Bg7 6.Be3 Nf6 7.Bc4 O-O 8.Bb3 d6
9.f3 Bd7 10.g4 Qa5 11.Qd2 Rfc8 12.O-O-O Ne5 13.h4 Rc4 14.Nce2 Qa6 15.h5 Bxg4
16.hxg6 hxg6 17.fxg4 Nxe4 18.Qe1 Nxg4 19.Qg1 Nxe3 20.Qxe3 d5 21.Kb1 Rc5 22.Rh4 Qf6
23.Rdh1 e5 24.Bxd5 Rxd5 25.Qxe4 Rxd4 26.Nxd4 exd4 27.Qxb7 Re8 28.Re4 Rf8
29.Rhe1 a6 30.a3 Qf2 31.R1e2 Qf6 32.Re7 Bh6 33.Re8 Be3 34.Rxf8+ Kxf8 35.Qh1 g5
36.Rh2 Qb6 37.Rh6 Qc7 38.Rxa6 g4 39.Ra8+ Kg7 40.Qh8+ Kg6 41.Rg8+ Kf5 42.Qh5+ Ke6
43.Qxg4+ f5 44.Qg6+ Ke5 45.Qg3+ Bf4 46.Re8+ Kf6 47.Qg8 Qc6 48.Qh8+ Kf7 49.Rf8+ Ke7
50.Qg7+  1-0

[Event "Acropolis GM Open"]
[Site "Athens GRE"]
[Date "2005.03.14"]
[Round "9"]
[White "Gashimov,V"]
[Black "Kotronias,V"]
[Result "1/2-1/2"]
[WhiteElo "2585"]
[BlackElo "2585"]

1.e4 c5 2.Nf3 Nc6 3.Nc3 d6 4.d4 cxd4 5.Nxd4 Nf6 6.Bg5 e6 7.Qd2 a6 8.O-O-O Bd7
9.f4 b5 10.Bxf6 gxf6 11.Kb1  1/2-1/2

[Event "Acropolis GM Open"]
[Site "Athens GRE"]
[Date "2005.03.14"]
[Round "9"]
[White "Papargyriou,A"]
[Black "Tziallilas,K"]
[Result "1/2-1/2"]
[WhiteElo "2139"]
[BlackElo "2119"]

1.e4 c5 2.Nc3 Nc6 3.Bb5 Nd4 4.Bc4 g6 5.Nf3 Bg7 6.Nxd4 cxd4 7.Qf3 Nh6 8.d3 O-O
9.Ne2 Ng4 10.Bb3 d6 11.O-O a5 12.a4 Ne5 13.Qg3 Nd7 14.c3 Nc5 15.Bc2 dxc3
16.bxc3 f5 17.f3 fxe4 18.fxe4 Rxf1+ 19.Kxf1 e5 20.d4 Ne6 21.Be3 Bd7 22.Kg1 Rc8
23.Bb3 Kh8 24.Rb1 Qc7 25.Bd5 Rb8 26.Rf1 Rf8 27.Rb1 Rb8 28.Rf1  1/2-1/2

[Event "II Copa ENTEL"]
[Site "Santiago CHI"]
[Date "2005.03.15"]
[Round "2"]
[White "Rodriguez,And URU"]
[Black "Vasquez,R"]
[Result "0-1"]
[WhiteElo "2536"]
[BlackElo "2561"]

1.e4 c5 2.Nc3 Nc6 3.Nge2 d6 4.d4 cxd4 5.Nxd4 Nf6 6.Be3 Ng4 7.Bb5 Nxe3 8.fxe3 Bd7
9.O-O e6 10.Bxc6 bxc6 11.e5 Be7 12.exd6 Bxd6 13.Ne4 Bxh2+ 14.Kxh2 Qh4+ 15.Kg1 Qxe4
16.Qd2 O-O 17.Nb3 Bc8 18.Qc3 e5 19.Nc5 Qg6 20.Nd3 f6 21.Qxc6 Bf5 22.Rf2 Kh8
23.Qa6 Rfd8 24.Ne1 Be4 25.c4 Qg5 26.Qa3 Rd7 27.b4 Rad8 28.b5 h5 29.Qc3 Rd1
30.Rxd1 Rxd1 31.c5 Qg3 32.Kf1 Bd3+ 33.Qxd3 Rxd3 34.Nxd3 Qxe3 35.Rf3 Qd4 36.Rh3 Qc4
37.b6 axb6 38.cxb6 Qxa2 39.g4 Qb1+ 40.Ke2 Qxb6 41.Rxh5+ Kg8 42.Nf2 Qd4 43.Rh3 Qc4+
44.Kd2 g6 45.Re3 Kf7 46.Nd3 e4 47.Nf2 Qd4+ 48.Ke2 f5 49.gxf5 gxf5 50.Nh3 Kf6
51.Nf2 Qc4+ 52.Kd2 Ke5 53.Re2 Kd4 54.Ke1 e3 55.Nd1 f4 56.Rh2 Ke4 57.Re2 Kf3
58.Rh2 Qb4+ 59.Kf1 e2+ 60.Rxe2 Qc4  0-1

[Event "II Copa ENTEL"]
[Site "Santiago CHI"]
[Date "2005.03.18"]
[Round "8"]
[White "Felgaer,R"]
[Black "Zambrana,O"]
[Result "1/2-1/2"]
[WhiteElo "2588"]
[BlackElo "2472"]

1.e4 c5 2.Nc3 Nc6 3.Nge2 Nf6 4.g3 g6 5.Bg2 Bg7 6.O-O O-O 7.d3 d6 8.h3 Rb8
9.Be3 b5 10.a3 a5 11.Qd2 b4 12.axb4 axb4 13.Nd1 Bd7 14.Bh6 Bxh6 15.Qxh6 Nd4
16.Qd2 Qc8 17.g4 h5 18.g5  1/2-1/2

[Event "78th ch-City"]
[Site "St Petersburg RUS"]
[Date "2005.03.18"]
[Round "2"]
[White "Klimov,S"]
[Black "Astashov,G"]
[Result "1-0"]
[WhiteElo "2509"]
[BlackElo "2293"]

1.e4 c5 2.Nf3 Nc6 3.Nc3 e5 4.Bc4 d6 5.d3 Be7 6.O-O Bg4 7.h3 Bh5 8.Nd5 Nf6
9.c3 O-O 10.a3 Nxd5 11.Bxd5 a5 12.g4 Bg6 13.a4 Rb8 14.Kh1 Kh8 15.Rg1 Qd7
16.Nh2 Nd8 17.f4 exf4 18.Bxf4 Ne6 19.Bg3 Nc7 20.Ba2 b5 21.axb5 Rxb5 22.Qa4 Qc8
23.Rg2 Qb7 24.Rb1 Rb8 25.Bc4 Rb6 26.Qd7 Na8 27.Qxb7 R6xb7 28.Bd5 Ra7 29.Nf1 Nb6
30.Ne3 Rd8 31.Ba2 a4 32.Rf1 Bf6 33.h4 h5 34.g5 Be5 35.Bxe5 dxe5 36.Nc4 Nxc4
37.Bxc4 Kh7 38.Rgf2 Rf8 39.Ra1 f5 40.gxf6 Rxf6 41.Kg1 Be8 42.Raf1 Rg6+ 43.Rg2 Rxg2+
44.Kxg2 Rb7 45.Rf5 Rxb2+ 46.Kg3 Bb5 47.Rxh5+ Kg6 48.Rg5+ Kh6 49.Bf7 g6 50.c4 Bd7
51.Rxg6+ Kh7 52.Ra6 Rb3 53.Bd5 Rxd3+ 54.Kf2 Bg4 55.Rxa4 Rf3+ 56.Kg2 Rf4 57.Kg3 Bf3
58.Ra7+ Kg6 59.Ra6+ Kg7 60.Re6 Bxe4 61.Rxe5 Bxd5 62.Kxf4 Bxc4 63.Kg5 Bd3
64.Rxc5 Be4 65.Rc7+ Kh8 66.Kh6 Bf5 67.Re7 Kg8 68.Re8+ Kf7 69.Re5 Bc2 70.Rg5 Bd3
71.Rg7+ Kf8 72.Rg3 Be4 73.Kg5 Kf7 74.Kf4 Bg6 75.Rg5 Kf6 76.h5 Bc2 77.h6 Bg6
78.Rg1 Kf7 79.Ke5 Bc2 80.Rg7+  1-0

[Event "Extraliga CZE 2004-5"]
[Site "Czech Rep CZE"]
[Date "2005.03.19"]
[Round "8"]
[White "Rasik,V"]
[Black "Manik,M"]
[Result "0-1"]
[WhiteElo "2469"]
[BlackElo "2512"]

1.e4 c5 2.Nf3 Nc6 3.Nc3 d6 4.d4 cxd4 5.Nxd4 Nf6 6.Bg5 e6 7.Qd2 a6 8.O-O-O Bd7
9.f3 Be7 10.g4 Rc8 11.Be3 h6 12.h4 Ne5 13.Bd3 b5 14.g5 Nh5 15.Rhg1 g6 16.f4 Nxd3+
17.Qxd3 b4 18.Nce2 Qc7 19.f5 e5 20.Nb3 Bb5 21.Qd2 Qc4 22.Rge1 Qxe4 23.f6 Bd8
24.Kb1 O-O 25.Nec1 Qc4 26.Qxd6 Qxc2+ 27.Ka1 a5 28.Qxe5 Ba4 29.Bc5 Bc7 30.Qe2 Qxe2
31.Nxe2 Rfd8 32.Be7 Rxd1+ 33.Rxd1 Bb5 34.Ned4 Bd7 35.Nc5 Be8 36.Ne4 Ra8 37.gxh6 Bf4
38.Ng5 Be5 39.Ndf3 Bxf6 40.Bxf6 Nxf6 41.Re1 Nd5 42.Re5 Rd8 43.Re1 Ne3 44.Kb1 Nf5
45.h7+ Kg7 46.h5 gxh5 47.Rg1 Kh8 48.Ne5 Rd5 49.Nexf7+ Bxf7 50.Nxf7+ Kxh7
51.Ng5+ Kg6 52.Ne4+ Kh6 53.Nf6 Rd6 54.Ne4 Rg6 55.Rf1 Ng3 56.Nxg3 Rxg3 57.Kc2 h4
58.Rf8 h3 59.Rh8+ Kg5 60.Rg8+ Kf4 61.Rf8+ Kg4 62.Rh8 Kf3 63.Kb3 Kg2+ 64.Ka4 Rg5  0-1

[Event "Extraliga CZE 2004-5"]
[Site "Czech Rep CZE"]
[Date "2005.03.19"]
[Round "8"]
[White "Zezulkin,J"]
[Black "Sluka,R"]
[Result "1-0"]
[WhiteElo "2535"]
[BlackElo "2334"]

1.e4 c5 2.Nc3 Nc6 3.Nf3 g6 4.d4 cxd4 5.Nxd4 Bg7 6.Be3 d6 7.Qd2 Nf6 8.f3 O-O
9.Bc4 Bd7 10.O-O-O Rc8 11.Bb3 Ne5 12.h4 h5 13.Kb1 Nc4 14.Bxc4 Rxc4 15.Nb3 Qc7
16.Bd4 Rxd4 17.Nxd4 b5 18.Rhe1 Rc8 19.Rc1 Qb7 20.Rcd1 b4 21.Nce2 a5 22.Nc1 Rc4
23.Ndb3 Qc7 24.Nd3 a4 25.Nbc1 a3 26.b3 Rd4 27.Ne2 Nxe4 28.fxe4 Rxe4 29.Nxb4 Bg4
30.Nd5 Qc5 31.Nef4 Rxe1 32.Rxe1 e6 33.Qe3 Bd4 34.b4 Qa7 35.Ne7+ Kg7 36.Qd3 Be5
37.Nfxg6 Qf2 38.Qe3 Qxe3 39.Rxe3 fxg6 40.Rxa3 Bf6 41.Ra7 Kf8 42.Nxg6+ Ke8
43.b5 Bd4 44.Rc7 Kd8 45.Rc4 e5 46.a4 Be2 47.Rxd4 exd4 48.Nf4 Bf1 49.Nxh5 d3
50.cxd3 Bxd3+ 51.Kb2 Kc7 52.Kc3 Bf1 53.Nf4  1-0

[Event "Extraliga CZE 2004-5"]
[Site "Czech Rep CZE"]
[Date "2005.03.19"]
[Round "8"]
[White "Kanovsky,D"]
[Black "Salai,L"]
[Result "0-1"]
[WhiteElo "2386"]
[BlackElo "2383"]

1.e4 c5 2.Nf3 Nc6 3.Nc3 e5 4.Bc4 Be7 5.d3 d6 6.Nd2 Nf6 7.Nf1 Bg4 8.f3 Be6
9.Ne3 O-O 10.O-O a6 11.a4 Nb4 12.Qe2 Rb8 13.Bd2 Ne8 14.g3 b6 15.f4 exf4 16.gxf4 Bf6
17.Kh1 Nc7 18.f5 Bxc4 19.dxc4 Qe7 20.Rf4 b5 21.axb5 axb5 22.Rg4 bxc4 23.Ra7 Nc6
24.Ncd5 Nxd5 25.Rxe7 Ndxe7 26.Nxc4 Ne5 27.Nxe5 Bxe5 28.Bg5 Rfe8 29.c3 Rb7
30.Bf4 Bxf4 31.Rxf4 Nd5 32.Rf2 Nf6 33.Qa6 Rbe7 34.b4 Nxe4 35.Rb2 Nxc3 36.b5 Rb8
37.f6 Reb7 38.Rg2 g6 39.Qa1 Ne4 40.Re2 Rxb5 41.Kg2 Rb4 42.Qg1 d5 43.Ra2 R4b6
44.Qd1 Nc3  0-1

[Event "Extraliga CZE 2004-5"]
[Site "Czech Rep CZE"]
[Date "2005.03.19"]
[Round "8"]
[White "Bolacky,J"]
[Black "Stehno,P"]
[Result "0-1"]
[WhiteElo "2267"]
[BlackElo "2319"]

1.e4 c5 2.Nf3 Nc6 3.Nc3 Nf6 4.Bb5 Qc7 5.O-O Nd4 6.Nxd4 cxd4 7.Nd5 Nxd5 8.exd5 Qc5
9.c4 a6 10.Ba4 b5 11.Bb3 bxc4 12.Qc2 Qxd5 13.Bxc4 Qc6 14.Qd3 Bb7 15.f3 Rc8
16.Bb3 e6 17.Re1 Be7 18.Kh1 Bf6 19.a3 a5 20.Qe2 Bh4 21.Rg1 a4 22.Ba2 d3 23.Qxd3 Bf2
24.Rd1 Ba6 25.Qc3 Qb5 26.Qxg7 Qe2 27.Rg1 Bxg1 28.d4 Bxd4 29.Qxd4 Rg8  0-1

[Event "Spring Festival"]
[Site "Budapest HUN"]
[Date "2005.03.20"]
[Round "3"]
[White "Kende,G"]
[Black "Nguyen Ngoc Truongson"]
[Result "0-1"]
[WhiteElo "2206"]
[BlackElo "2520"]

1.e4 c5 2.Nf3 Nc6 3.Nc3 g6 4.Bc4 Bg7 5.O-O e6 6.d4 Nxd4 7.Nxd4 cxd4 8.Nb5 d5
9.exd5 exd5 10.Re1+ Ne7 11.Bg5 f6 12.Qxd4 O-O 13.Bf4 dxc4 14.Qxd8 Rxd8 15.Rxe7 Bf8
16.Re4 a6 17.Rd4 Bf5 18.Rad1 Rxd4 19.Nxd4 Rd8 20.c3 Kf7 21.f3 Bd3 22.Kf2 g5
23.Be3 Bd6 24.g3 h5 25.h4 gxh4 26.gxh4 Rg8 27.Nf5 Bf8 28.Nh6+ Bxh6 29.Bxh6 Rh8
30.Bf4 b5 31.a3 Rc8 32.Re1 Rd8 33.Bc7 Rd7 34.Bb6 Bf5 35.Bd4 Rd5 36.Ke3 Bc8
37.Kf4 Rf5+ 38.Kg3 Bb7 39.Re3 a5 40.Bb6 Rd5 41.Bxa5 Rd2 42.Bb4 Kg6 43.Kf4 Rxb2
44.Re7 Bd5 45.Rd7 Bf7 46.Bc5 Rh2 47.Bd4 Be6 48.Rd6 Kf7 49.Rb6 Rxh4+ 50.Kg3 Rh1
51.Rxb5 h4+ 52.Kg2 Ra1 53.Rb7+ Kg6 54.Rb6 Ra2+ 55.Kh1 Kf5 56.Rb5+ Kf4 57.Bxf6 h3
58.Rb6 Bd5  0-1